00496nam a2200205Ia 4500008004100000020001800041050001400059100002300073245002000096245002700116245002300143260001500166260001600181260000900197300001600206300002700222300001000249440002300259500000800282170918s9999 xx 000 0 und d a9780590819756 bG822 1999 aGregory, Kristiana aCleopatra VII : bdaughter of the nile / cKristiana Gregory. aNew York : bScholastic, c1999 a221 pages : bcolored illustration ; c19cm. aThe royal diaries. a920